000 00450nam a2200169Ia 4500
008 230524s9999 xx 000 0 und d
020 _a8177000160
082 _a621.382
_bSAW
100 _aA.K.Sawhney
245 2 _aA Course in Electrical and Electronics Measurements & Instrumentation
250 _a17TH
260 _aNEW DELHI
_bDhanpat Rai
_c2005
300 _aXVIII;1558
500 _aQuantity Number: 89
650 _aElectrical
942 _cBK
999 _c144
_d144